000 00494nam a2200169Ia 4500
003 GCL
008 140319s9999 xx 000 0 eng d
040 _aGCL /
_cGCL
082 0 4 _a658.154
_bM M
100 1 _aMETCALFE, MIKE
245 1 0 _aMANAGEMENT ACCOUNTING: A MODELLING APPROACH /
_cMETCALFE, MIKE
700 1 _aPOWELL, PHILIP
260 _a[S.N] :
_bADDISON - WESLEY PUBLISHING COMPANY ،
_c1991
650 0 4 _aMATHEMATICAL MODELS
650 0 4 _aMANAGEMENT - ACCOUNTING
942 _2ddc
_cBK
999 _c23273
_d23273